000 02653cam a22002174a 4500
005 20250605163945.0
008 250528s ||||||||||||||||||||||||d
035 _a15178
020 _a9602092076
040 _aGR-AtMCL
_bgre
_dGR-AtMCL
_eAACR2
245 1 _aΜάνατζμεντ / Μία Mεθοδική Sειρά Sεμιναρίων στη Διοίκηση Επιχειρήσεων για Σπουδαστές, Στελέχη Επιχειρήσεων, και Επαγγελματίες: Δεύτερη Αμερικάνικη Έκδοση
250 _a2h
260 _bΚλειδάριθμος,
_c1987
300 _a600
520 _aΟ νέος εύκολος τρόπος για να κατανοήσετε τα θέματα που διδάσκονται στις σχολές Διοίκησης Επιχειρήσεων των Πανεπιστημίων. Πρόλογος, Το Είναι το Μάνατζμεντ: Ορισμός και Επισκόπηση, Μάνατζμεντ: Ιστορία και Βασικές Έννοιες, Μάνατζμεντ: Κοινωνική Ευθύνη, Το Μάνατζμεντ και το Περιβάλλον της Επιχείρησης, Λήψη Αποφάσεων: Κατηγορίες και Τρόποι, Επισκόπηση των Διευθυντικών Λειτουργιών, Προγραμματισμός, Προγραμματισμός: Στρατηγική Διοίκησης και Θέσπιση Στόχων και Αντικειμένικοί Στόχοι και Πολιτική, Διοίκηση με Στόχους, Βασικές Έννοιες της Οργάνωσης, Οργανωτικές Δομές: Έννοιες και Μορφές, Προσωπικο: Διοίκηση Ανθρωπίνων Πόρων, Υποκίνηση: Θεωρία και Πράξη, Ηγεσία: Θεωρία και Πράξη, Μάνατζμεντ: Η Δραστηριότητα του Ελέγχου, Ομάδες Εργασίας: Δυναμική και Δημιουργικότητα, Ικανότητες Επικοινωνίας και Αποτελεσματική Διοίκηση, Τεχνικές Διοίκησης Παραγωγής και Εκμετάλλευσης, Διευθυντικές Δεξιότητες: Διαχείριση Χρόνου, Συστήματα Πληροφοριών Διεύθυνσης, Διεθνοποίηση της Διοίκησης Επιχειρήσεων, Παραρτήματα, Λεξικό Όρων, Ευρετήριο.
700 1 _aCharnov Bruce
_91042
700 1 _aMontana Patrick
_91043
942 _cBK
999 _c772
_d772